[Event "11th Dubai Open 2009"]
[Site "Dubai"]
[Date "2009.05.02"]
[Round "7.29"]
[White "Pourkashiyan, Atousa"]
[Black "Moosavian, S Hamed"]
[Result "0-1"]
[WhiteElo "2273"]
[BlackElo "2395"]
[PlyCount "84"]
[EventDate "2009.04.26"]
[WhiteTeam "Uzbekistan"]
[WhiteTeamCountry "UZB"]

1. e4 e6 2. d4 d5 3. Nd2 c5 4. exd5 exd5 5. Ngf3 Nc6 6. Bb5 Bd6 7. dxc5 Bxc5 8.
O-O Nge7 9. Nb3 Bd6 10. Re1 O-O 11. Bd3 h6 12. h3 Nf5 13. c3 Bc7 14. Bc2 Qd6
15. Qd3 g6 16. Qd2 h5 17. Qg5 Bd7 18. Bxf5 Bxf5 19. Be3 Ne5 20. Nxe5 Qxe5 21.
f4 Qd6 22. Nd4 Bd3 23. Rad1 Bd8 24. Qh6 Be4 25. Nb5 Qf6 26. Bd4 {Diagram #} Bb6
27. Re3 Bxd4 28. Nxd4 Rad8 29. Rf1 Rd6 30. Rg3 Qg7 31. Qg5 Rb6 32. f5 Rf6 33.
Qf4 Kh7 34. Qe5 Rb6 35. f6 Qh6 36. Rg5 Rxb2 37. Rf4 Rc8 38. Nf3 Re2 39. Qe7 Rf8
40. Rh4 Bxf3 41. Rhxh5 Bxh5 42. Rxh5 Rxe7 0-1

[Event "11th Dubai Open 2009"]
[Site "Dubai"]
[Date "2009.05.02"]
[Round "7.30"]
[White "Lejlic, Samir"]
[Black "Grover, Sahaj"]
[Result "0-1"]
[WhiteElo "2388"]
[BlackElo "2234"]
[PlyCount "71"]
[EventDate "2009.04.26"]
[WhiteTeam "Uzbekistan"]
[WhiteTeamCountry "UZB"]

1. e4 e6 2. d4 d5 3. Nc3 Bb4 4. Bd3 dxe4 5. Bxe4 Nf6 6. Bf3 O-O 7. Nge2 e5 {
Diagram #} 8. O-O Bxc3 9. Nxc3 exd4 10. Nb5 c5 11. Bf4 Ne8 12. c3 a6 13. Na3
Nc6 14. Rc1 Bf5 15. cxd4 cxd4 16. Qb3 Qd7 17. Nc4 Be6 18. Qa3 Bxc4 19. Rxc4 Nf6
20. Bxc6 bxc6 21. Bd6 Rfe8 22. Rxd4 Nd5 23. Bg3 Re2 24. Qb3 Rae8 25. h3 h5 26.
Ra4 Rd2 27. Rxa6 Ree2 28. Ra8+ Kh7 29. Qf3 Nf6 30. Bh4 Qd5 31. Qa3 {Diagram #}
g5 32. Ra5 c5 33. Rxc5 Qd4 34. Bxg5 Rd1 35. Rf5 Rxf1+ 36. Kh2 0-1

[Event "11th Dubai Open 2009"]
[Site "Dubai"]
[Date "2009.05.02"]
[Round "7.31"]
[White "Yousif, Ammar Mohd"]
[Black "Narayanan, Srinath"]
[Result "0-1"]
[WhiteElo "2054"]
[BlackElo "2381"]
[PlyCount "46"]
[EventDate "2009.04.26"]
[WhiteTeam "Uzbekistan"]
[WhiteTeamCountry "UZB"]

1. e4 c5 2. Nf3 d6 3. c3 Nf6 4. Bc4 Nc6 5. d3 e6 6. O-O Be7 7. Re1 O-O 8. Bb3
b5 9. a4 b4 10. d4 Ba6 11. d5 exd5 12. Bxd5 Nxd5 13. exd5 {Diagram #} Ne5 14.
Nxe5 dxe5 15. Rxe5 Bf6 16. Re4 Qd7 17. Be3 Rfe8 18. Rxe8+ Rxe8 19. Bxc5 {
Diagram #} Qxd5 20. Bd4 Bxd4 21. cxd4 Qxd4 22. Nc3 Qxd1+ 23. Rxd1 bxc3 0-1

[Event "11th Dubai Open 2009"]
[Site "Dubai"]
[Date "2009.05.02"]
[Round "7.35"]
[White "Tejaswini, Reddy S"]
[Black "Alhuwar, Jasem"]
[Result "0-1"]
[WhiteElo "2020"]
[BlackElo "2293"]
[PlyCount "78"]
[EventDate "2009.04.26"]
[WhiteTeam "Uzbekistan"]
[WhiteTeamCountry "UZB"]

1. e4 e6 2. Qe2 c5 3. Nf3 Nc6 4. c3 Be7 5. g3 d5 6. exd5 exd5 7. Bg2 Nf6 8. O-O
O-O 9. d3 h6 10. h3 Re8 11. Rd1 Bf5 12. Qf1 Qb6 13. Nbd2 Qa6 {Diagram #} 14.
Nb1 c4 15. Ne1 Na5 16. Na3 Bxa3 17. bxa3 Rac8 18. dxc4 dxc4 19. Bf4 Ne4 20.
Rac1 Nc5 21. Rd6 b6 22. Bf3 Nab7 23. Rd5 Be4 24. Bxe4 Rxe4 25. Nc2 Qa4 26. Qg2
Rce8 27. Nb4 Qxa3 28. Rc2 a5 29. Nc6 Qa4 30. Nd4 Rxd4 31. cxd4 Qxc2 32. dxc5
Nxc5 33. Rd2 Qb1+ 34. Kh2 c3 35. Rd4 Qxa2 36. Be3 Rxe3 37. fxe3 Qxg2+ 38. Kxg2
c2 39. Rc4 Nd3 0-1

[Event "11th Dubai Open 2009"]
[Site "Dubai"]
[Date "2009.05.02"]
[Round "7.36"]
[White "Zakurdjaeva, Irina"]
[Black "Darwish, Mohamed"]
[Result "1-0"]
[WhiteElo "2288"]
[BlackElo "2119"]
[PlyCount "65"]
[EventDate "2009.04.26"]
[WhiteTeam "Uzbekistan"]
[WhiteTeamCountry "UZB"]

1. e4 c6 2. d4 d5 3. e5 Bf5 4. Be3 e6 5. Nd2 Ne7 6. f4 c5 7. Ngf3 Nec6 8. dxc5
Qa5 9. a3 {Diagram #} Bxc5 10. b4 Nxb4 11. axb4 Qxb4 12. Rb1 Qc3 13. Rb3 Qxc2
14. Qxc2 Bxc2 15. Bxc5 Bxb3 16. Nxb3 Nc6 17. Bb5 a6 18. Bxc6+ bxc6 19. Bd6 a5
20. Kd2 f6 21. Nc5 Kf7 22. h4 a4 23. f5 exf5 24. e6+ Kg6 25. h5+ Kh6 26. Bf4+
g5 27. hxg6+ Kxg6 28. Nh4+ Kh5 29. Nd7 Kg4 30. g3 Rhf8 31. Ke2 Kh5 32. Nxf5+
Kg6 33. Ne7+ 1-0

[Event "11th Dubai Open 2009"]
[Site "Dubai"]
[Date "2009.05.02"]
[Round "7.37"]
[White "Mamedjarova, Turkan"]
[Black "Mona, Khaled"]
[Result "1-0"]
[WhiteElo "2255"]
[BlackElo "2084"]
[PlyCount "61"]
[EventDate "2009.04.26"]
[WhiteTeam "Uzbekistan"]
[WhiteTeamCountry "UZB"]

1. Nf3 Nf6 2. b3 g6 3. Bb2 Bg7 4. g3 O-O 5. Bg2 d5 6. O-O c6 7. d3 Nbd7 8. Nbd2
Re8 9. d4 Nf8 10. Ne5 N6d7 11. f4 f6 12. Nxd7 Nxd7 13. e4 dxe4 14. Nxe4 f5 15.
Ng5 Nf6 16. Qe2 h6 17. Nf3 Kh7 18. Ne5 Ng4 19. Rad1 Qb6 20. Nc4 Qc7 21. h3 Nf6
22. Kh2 b6 23. Ne5 Bb7 {Diagram #} 24. Qc4 Rac8 25. Qf7 e6 26. Qxg6+ Kg8 27. g4
fxg4 28. hxg4 c5 29. Bxb7 Qxb7 30. dxc5 Rxc5 31. Nd7 1-0

[Event "11th Dubai Open 2009"]
[Site "Dubai"]
[Date "2009.05.02"]
[Round "7.38"]
[White "Pabalan, Rocky"]
[Black "Tscharotschkin, Michael"]
[Result "1-0"]
[WhiteElo "1938"]
[BlackElo "2209"]
[PlyCount "63"]
[EventDate "2009.04.26"]
[WhiteTeam "Uzbekistan"]
[WhiteTeamCountry "UZB"]

1. e4 d6 2. d4 f5 3. Nc3 Nf6 4. Bd3 fxe4 5. Nxe4 Nc6 6. Be3 g6 7. h4 Nxe4 8.
Bxe4 d5 9. Bf3 Be6 10. Ne2 Bg7 11. Qd2 Qd7 12. b4 a5 13. b5 Nd8 14. Rb1 Nf7 15.
c4 c6 16. bxc6 bxc6 17. c5 Bf5 18. Rb6 e5 19. Nc3 O-O 20. O-O exd4 21. Bxd4 Ne5
22. Bxe5 Bxe5 23. Rd1 Rad8 24. Re1 Bc7 25. Ra6 Bb8 26. g3 Qc7 27. Qg5 Bc8 28.
Re7 Rd7 {Diagram #} 29. Nxd5 Rxe7 30. Nxe7+ Kg7 31. Rxc6 Qd7 32. Rxg6+ 1-0

[Event "11th Dubai Open 2009"]
[Site "Dubai"]
[Date "2009.05.02"]
[Round "7.44"]
[White "Saduakassova, Dinara"]
[Black "Partac, Elena"]
[Result "1/2-1/2"]
[WhiteElo "1916"]
[BlackElo "2171"]
[PlyCount "127"]
[EventDate "2009.04.26"]
[WhiteTeam "Uzbekistan"]
[WhiteTeamCountry "UZB"]

1. e4 c5 2. Nf3 Nc6 3. d4 cxd4 4. Nxd4 g6 5. c4 Bg7 6. Be3 Nf6 7. Nc3 O-O 8.
Be2 d6 9. O-O Bd7 10. Qd2 Nxd4 11. Bxd4 Bc6 12. f3 a5 13. b3 Nd7 14. Be3 Nc5
15. Rab1 Qb6 16. Kh1 Rfc8 17. Rfc1 h5 18. Nd5 Bxd5 19. exd5 Qd8 20. Bd4 Qf8 21.
Bf1 Bxd4 22. Qxd4 Qg7 23. Qd2 Qf6 24. Re1 h4 25. f4 Rc7 26. Rbc1 Kg7 27. Rc3 b5
28. Rf3 b4 29. Bd3 Rh8 30. h3 Rb7 31. Rb1 Ra8 32. Bc2 Rba7 33. Rf2 Rc8 34. Rf3
Rb8 35. Kh2 Rbb7 36. Rf2 a4 37. bxa4 Nxa4 38. Rxb4 Nc3 39. Rxb7 Rxb7 40. Bd3
Ra7 41. Qe3 Rxa2 42. Rxa2 Nxa2 43. Qd2 Nc3 44. Bc2 {Diagram #} g5 45. fxg5 Qe5+
46. Kg1 Ne2+ 47. Kf2 Nf4 48. Kf3 Nh5 49. Kg4 Ng3 50. Kxh4 Ne2 51. Kh5 f6 52. h4
f5 53. g6 Ng3+ 54. Kg5 {Diagram #} Qf6+ 55. Kf4 Qxh4+ 56. Kf3 Kxg6 57. Qf4
Qxf4+ 58. Kxf4 Nh5+ 59. Kf3 Kg5 60. Bxf5 Kxf5 61. g4+ Kg5 62. gxh5 Kxh5 63. Kf4
Kg6 64. Kg4 1/2-1/2

[Event "11th Dubai Open 2009"]
[Site "Dubai"]
[Date "2009.05.02"]
[Round "7.45"]
[White "Khademalsharieh, Sarasadat"]
[Black "Saud, Mohamed"]
[Result "0-1"]
[WhiteElo "1806"]
[BlackElo "2135"]
[PlyCount "88"]
[EventDate "2009.04.26"]
[WhiteTeam "Uzbekistan"]
[WhiteTeamCountry "UZB"]

1. d4 c5 2. d5 e6 3. c4 exd5 4. cxd5 d6 5. e4 Nf6 6. Nc3 g6 7. Nf3 Bg7 8. Bd3
O-O 9. O-O a6 10. a4 Qc7 11. Bf4 Nh5 12. Be3 Bg4 13. h3 Bxf3 14. Qxf3 Nd7 15.
Rfe1 Ne5 16. Qe2 Nxd3 17. Qxd3 Rfe8 18. a5 Nf6 19. Bf4 Nd7 20. Qd2 Ne5 21. Bxe5
Bxe5 22. Na4 Rad8 23. Rac1 Qe7 24. b4 Qh4 25. Rc4 cxb4 26. Rxb4 Rd7 27. Reb1
Ree7 28. Rc4 Rc7 29. Qc2 Rxc4 30. Qxc4 Qf4 31. g3 Qd2 32. Qb4 Qc2 33. Re1 Rc7
34. Qb6 Qd2 35. Rf1 Rc4 36. Qd8+ Kg7 {Diagram #} 37. Nb6 Qxa5 38. Rb1 Rxe4 39.
Kg2 Re2 40. Qc8 {Diagram #} Rxf2+ 41. Kxf2 Qa2+ 42. Ke3 Qxb1 43. Nd7 Qe1+ 44.
Kf3 Qc3+ 0-1

[Event "11th Dubai Open 2009"]
[Site "Dubai"]
[Date "2009.05.02"]
[Round "7.53"]
[White "Taopa, Gilbert"]
[Black "Abdumalik, Zhansaya"]
[Result "1-0"]
[WhiteElo "2035"]
[BlackElo "1854"]
[PlyCount "123"]
[EventDate "2009.04.26"]
[WhiteTeam "Uzbekistan"]
[WhiteTeamCountry "UZB"]

1. e4 c5 2. Nf3 e6 3. d4 cxd4 4. Nxd4 a6 5. c4 Nf6 6. Nc3 Qc7 7. Nc2 Be7 8. Be2
d6 9. O-O Nbd7 10. Be3 b6 11. Rc1 Bb7 12. f3 O-O 13. Qd2 Rac8 14. Rfd1 Rfd8 15.
Bf1 Rb8 16. Nd4 Ne5 17. b3 Bc8 18. Qf2 Ng6 19. h3 Qb7 20. g3 {Diagram #} d5 21.
cxd5 exd5 22. Nxd5 Nxd5 23. exd5 Rxd5 24. Bg2 Qd7 25. f4 Rd6 26. Qc2 Bb7 27.
Nf5 Rc8 28. Qb1 Rxc1 29. Rxc1 Re6 30. Rd1 Qc7 31. Qc1 Qxc1 32. Rxc1 Bxg2 33.
Kxg2 Bf6 34. Rc8+ Nf8 35. Kf3 g6 36. Nh6+ Kg7 37. Ng4 Nd7 38. Rc7 Rd6 39. Nf2
Bd8 40. Rc8 Nf6 41. g4 h6 42. h4 b5 43. g5 hxg5 44. hxg5 Nh7 45. Ne4 Rd5 46.
Bd2 f5 47. Bc3+ Kf7 48. Nc5 a5 49. Nb7 Bb6 50. Bxa5 Bxa5 51. Nxa5 Nf8 52. Nc6
Nd7 53. Ke3 Rd1 54. a4 bxa4 55. bxa4 Nb6 56. Rc7+ Ke6 57. Nd4+ Kd5 58. Nf3 Ra1
59. Ne5 Ra3+ 60. Ke2 Rxa4 61. Nxg6 Kd6 62. Rf7 {85 moves} 1-0

[Event "11th Dubai Open 2009"]
[Site "Dubai"]
[Date "2009.05.03"]
[Round "8.1"]
[White "Maletin Pavel"]
[Black "Guseinov Gadir"]
[Result "1/2-1/2"]
[WhiteElo "2559"]
[BlackElo "2659"]
[PlyCount "35"]
[EventDate "2009.04.26"]
[WhiteTeam "Russland"]
[BlackTeam "Aserbeidschan"]
[WhiteTeamCountry "RUS"]
[BlackTeamCountry "AZE"]

1. d4 Nf6 2. c4 g6 3. Nf3 Bg7 4. g3 c5 5. Bg2 cxd4 6. Nxd4 O-O 7. Nc3 Qc7 8.
Nd5 Nxd5 9. cxd5 Qa5+ 10. Bd2 Qb6 11. Bc3 d6 12. O-O a5 13. Qd2 Na6 14. Rfc1
Nc5 15. b3 Bd7 16. Rab1 Rfc8 17. e3 Qa6 18. Ba1 1/2-1/2

[Event "11th Dubai Open 2009"]
[Site "Dubai"]
[Date "2009.05.03"]
[Round "8.3"]
[White "Bocharov Dmitry"]
[Black "Bachmann Axel"]
[Result "1-0"]
[WhiteElo "2606"]
[BlackElo "2555"]
[PlyCount "111"]
[EventDate "2009.04.26"]
[WhiteTeam "Russland"]
[BlackTeam "Paraguay"]
[WhiteTeamCountry "RUS"]
[BlackTeamCountry "PAR"]

1. Nf3 Nf6 2. c4 g6 3. g3 Bg7 4. Bg2 O-O 5. O-O d6 6. Nc3 Nc6 7. d4 Bd7 8. d5
Na5 9. Nd2 c5 10. Qc2 a6 11. b3 b5 12. Bb2 Rb8 13. Rae1 e5 14. Nd1 Nh5 15. f4
exf4 16. Bxg7 Kxg7 17. gxf4 f5 18. e3 Qf6 19. Bf3 Kh8 20. Kh1 bxc4 21. bxc4 Rb4
22. a3 Rb7 23. Bxh5 gxh5 24. Qd3 Rbb8 25. Rg1 Rg8 26. Rxg8+ Rxg8 27. Rg1 Ba4
28. Nc3 Bd7 29. Ne2 Qb2 30. Qc3+ Qxc3 31. Rxg8+ Kxg8 32. Nxc3 Kf7 33. Kg2 Kg6
34. Kg3 Be8 35. Kh4 Kf6 36. Kg3 Bg6 37. Kf3 Be8 38. h4 Bg6 39. Ke2 Ke7 40. Kd3
Be8 41. Ne2 Kf6 42. Ng3 Bg6 43. e4 h6 44. Ke3 fxe4 45. Ndxe4+ Ke7 46. Kd3 Nb7
47. f5 Bh7 48. Ke3 Nd8 49. Nd2 Bg8 50. Nxh5 Bf7 51. Ng3 Nb7 52. Nde4 Na5 53.
Kd3 Nb3 54. f6+ Kd7 55. Nf5 Bg6 56. Nfxd6 1-0

[Event "11th Dubai Open 2009"]
[Site "Dubai"]
[Date "2009.05.03"]
[Round "8.4"]
[White "Pantsulaia Levan"]
[Black "Kotanjian Tigran"]
[Result "0-1"]
[WhiteElo "2581"]
[BlackElo "2552"]
[PlyCount "104"]
[EventDate "2009.04.26"]
[WhiteTeam "Georgien"]
[BlackTeam "Armenien"]
[WhiteTeamCountry "GEO"]
[BlackTeamCountry "ARM"]

1. Nf3 d5 2. c4 e6 3. g3 Nf6 4. Bg2 dxc4 5. Qa4+ c6 6. Qxc4 b5 7. Qc2 Bb7 8.
O-O Nbd7 9. b3 Be7 10. Bb2 O-O 11. d3 c5 12. Nbd2 a6 13. Rac1 Rc8 14. Qb1 Qb6
15. Qa1 Rfd8 16. Rc2 Bf8 17. Rfc1 Nd5 18. a3 f6 19. Bh3 Ne7 20. d4 cxd4 21.
Nxd4 f5 22. b4 Rxc2 23. Rxc2 Rc8 24. Rxc8 Nxc8 25. e4 Nf6 26. exf5 e5 27. N4f3
e4 28. Nd4 a5 29. bxa5 Qxa5 30. N4b3 Qb6 31. Bd4 Qd8 32. Be3 Nb6 33. Nd4 Nbd5
34. Ne6 Qa5 35. Nxf8 Nxe3 36. Nb3 Qa7 37. Ne6 Nc4 38. Nbc5 Bd5 39. Qd4 Nxa3 40.
Bf1 Nc4 41. g4 h6 42. h4 {Diagram #} e3 43. fxe3 Qb8 44. Nf4 Ne5 45. Be2 Bf3
46. Qd1 Bxe2 47. Qxe2 Nfxg4 48. Nce6 Qa8 49. Qxb5 {Diagram #} Qa1+ 50. Qf1 Nf3+
51. Kg2 Nxe3+ 52. Kxf3 Nxf1 0-1

[Event "11th Dubai Open 2009"]
[Site "Dubai"]
[Date "2009.05.03"]
[Round "8.5"]
[White "Arun Prasad S"]
[Black "Iordachescu Viorel"]
[Result "1-0"]
[WhiteElo "2552"]
[BlackElo "2608"]
[PlyCount "103"]
[EventDate "2009.04.26"]
[WhiteTeam "Indien"]
[BlackTeam "Moldowa"]
[WhiteTeamCountry "IND"]
[BlackTeamCountry "MDA"]

1. d4 Nf6 2. c4 e6 3. Nf3 c5 4. d5 exd5 5. cxd5 d6 6. Nc3 g6 7. e4 Bg7 8. h3
O-O 9. Bd3 b5 10. Nxb5 Re8 11. O-O Nxe4 12. Re1 a6 13. Na3 Nf6 14. Rxe8+ Nxe8
15. Bg5 Bf6 16. Qa4 Ra7 17. Qh4 Nd7 18. Re1 Ne5 19. Nxe5 Bxg5 20. Nc6 Bxh4 21.
Nxd8 Re7 22. Rxe7 Bxe7 23. Nc6 Kf8 24. Nc4 Nc7 25. Nb6 Bb7 26. Bc4 Bf6 27. b3
Bxc6 28. dxc6 h5 29. Kf1 h4 30. Ke2 Bd8 31. g4 hxg3 32. fxg3 f5 33. g4 fxg4 34.
hxg4 Kg7 35. Kf3 Kf6 36. Ke4 Kg5 37. Nc8 d5+ 38. Bxd5 Kxg4 39. Bc4 Bf6 40. Nb6
a5 41. Nd5 Bd8 42. Ke5 Kf3 43. Kd6 Nxd5 44. Bxd5+ Ke3 45. c7 Bxc7+ 46. Kxc7 Kd4
47. Be6 g5 48. Kd6 a4 49. bxa4 c4 50. a5 c3 51. Bb3 g4 52. a6 1-0

[Event "11th Dubai Open 2009"]
[Site "Dubai"]
[Date "2009.05.03"]
[Round "8.6"]
[White "Neverov Valeriy"]
[Black "Ghaem Maghami Ehsan"]
[Result "1/2-1/2"]
[WhiteElo "2552"]
[BlackElo "2593"]
[PlyCount "77"]
[EventDate "2009.04.26"]
[WhiteTeam "Ukraine"]
[BlackTeam "Iran"]
[WhiteTeamCountry "UKR"]
[BlackTeamCountry "IRI"]

1. d4 Nf6 2. c4 e6 3. Nf3 c5 4. d5 b5 5. Bg5 exd5 6. cxd5 d6 7. a4 b4 8. e4 Be7
9. Bb5+ Bd7 10. Qd3 O-O 11. Nbd2 h6 12. Bf4 Nh5 13. Be3 f5 14. Bxd7 Qxd7 15.
exf5 Rxf5 16. g4 Rxf3 17. Nxf3 Qxg4 18. Ne5 {Diagram #} Qg2 19. O-O-O dxe5 20.
Qf5 Bg5 21. Rhg1 Bxe3+ 22. fxe3 Qe2 23. Qe6+ Kh7 24. Qg6+ Kh8 25. Qe8+ Kh7 26.
Qg6+ Kh8 27. Qe8+ Kh7 28. Qxe5 Qc4+ 29. Kb1 b3 30. Rxg7+ Nxg7 31. Rg1 Qc2+ 32.
Ka1 Nf5 33. Qe8 Nc6 34. Qxa8 Nce7 35. Qe8 Qe4 36. Qf7+ Kh8 37. Qf8+ Kh7 38.
Qf7+ Kh8 39. Qe8+ 1/2-1/2

[Event "11th Dubai Open 2009"]
[Site "Dubai"]
[Date "2009.05.03"]
[Round "8.7"]
[White "Ibrahimov Rasul"]
[Black "Kotsur Pavel"]
[Result "1/2-1/2"]
[WhiteElo "2537"]
[BlackElo "2589"]
[PlyCount "81"]
[EventDate "2009.04.26"]
[WhiteTeam "Aserbeidschan"]
[BlackTeam "Kazakhstan"]
[WhiteTeamCountry "AZE"]
[BlackTeamCountry "KAZ"]

1. Nf3 c5 2. c4 Nc6 3. Nc3 e5 4. g3 g6 5. Bg2 Bg7 6. a3 Nge7 7. O-O d6 8. b4 f5
9. Rb1 O-O 10. Ne1 Be6 11. Nd5 e4 12. d3 Nxd5 13. cxd5 Bxd5 14. Nc2 Qe7 15. b5
Nd8 16. Ne3 Ba2 17. Rb2 Bxb2 18. Bxb2 d5 19. dxe4 d4 20. Nd5 Bxd5 21. exd5 Nf7
22. e3 Nd6 23. exd4 c4 24. Re1 Qc7 25. a4 a6 26. bxa6 Rxa6 27. Bc3 Qd7 28. Re6
Ne4 29. Bb4 Rxe6 30. dxe6 Qxe6 31. Bxf8 Kxf8 32. Qe1 Kf7 33. f3 Nd6 34. Kf2 f4
35. gxf4 Nf5 36. Qc3 Qc6 37. Bf1 Qxa4 38. Bxc4+ Kg7 39. Ke2 b5 40. Be6 Qxd4 41.
Bc4 1/2-1/2

[Event "11th Dubai Open 2009"]
[Site "Dubai"]
[Date "2009.05.03"]
[Round "8.8"]
[White "Perunovic Milos"]
[Black "Sundararajan Kidambi"]
[Result "0-1"]
[WhiteElo "2580"]
[BlackElo "2487"]
[PlyCount "78"]
[EventDate "2009.04.26"]
[WhiteTeam "SRB"]
[BlackTeam "Indien"]
[BlackTeamCountry "IND"]

1. e4 c6 2. d4 d5 3. e5 Bf5 4. h4 h5 5. c4 e6 6. Nc3 Ne7 7. Bg5 dxc4 8. Bxc4
Nd7 9. Nge2 f6 10. exf6 gxf6 11. Be3 Nb6 12. Bb3 Ned5 13. Ng3 Nxe3 14. fxe3 Bg4
15. Qd3 f5 16. e4 f4 17. Nge2 e5 18. O-O-O Bg7 19. Qc2 Qe7 20. d5 Qc5 21. dxc6
bxc6 22. Kb1 Rd8 23. Rxd8+ Kxd8 24. Qd3+ Ke8 25. Qa6 Qe7 26. Na4 Rh6 27. Nxb6
axb6 28. Nc3 b5 29. Rc1 Rd6 30. a4 bxa4 31. Nxa4 Bf6 32. Nc5 Kf8 33. Nb7 Bc8
34. Qc4 Qxb7 35. Qg8+ Ke7 36. Bf7 Rd8 37. Qh7 Rh8 38. Qg6 Qd7 39. Bb3 Qe8 0-1

[Event "11th Dubai Open 2009"]
[Site "Dubai"]
[Date "2009.05.03"]
[Round "8.9"]
[White "Miezis Normunds"]
[Black "Jankovic Alojzije"]
[Result "1/2-1/2"]
[WhiteElo "2579"]
[BlackElo "2540"]
[PlyCount "65"]
[EventDate "2009.04.26"]
[WhiteTeam "Lettland"]
[BlackTeam "Kroatien"]
[WhiteTeamCountry "LAT"]
[BlackTeamCountry "CRO"]

1. c4 e6 2. e4 c5 3. Nc3 Nc6 4. g3 g6 5. Bg2 Bg7 6. Nge2 Nge7 7. a3 d6 8. Rb1
b6 9. b4 Bb7 10. d3 Qd7 11. O-O O-O 12. Be3 Nd4 13. Kh1 Rfd8 14. f4 Nxe2 15.
Nxe2 Rac8 16. Qb3 f5 17. Rfe1 Kh8 18. Rbd1 Bc6 19. Rc1 Ng8 20. Nc3 Nf6 21. Bg1
Re8 22. Qa2 e5 23. fxe5 Rxe5 24. exf5 Bxg2+ 25. Qxg2 Rxe1 26. Rxe1 Qxf5 27. Ne4
Nxe4 28. Qxe4 Qf7 29. b5 Rf8 30. Re2 Qf1 31. Re1 Qf7 32. Re2 Qf1 33. Re1
1/2-1/2

[Event "11th Dubai Open 2009"]
[Site "Dubai"]
[Date "2009.05.03"]
[Round "8.10"]
[White "Aleksandrov Aleksej"]
[Black "Melkumyan Hrant"]
[Result "1/2-1/2"]
[WhiteElo "2624"]
[BlackElo "2528"]
[PlyCount "61"]
[EventDate "2009.04.26"]
[WhiteTeam "Belarus"]
[BlackTeam "Armenien"]
[WhiteTeamCountry "BLR"]
[BlackTeamCountry "ARM"]

1. d4 Nf6 2. c4 g6 3. Nc3 d5 4. Nf3 Bg7 5. e3 O-O 6. cxd5 Nxd5 7. Bc4 Nb6 8.
Bb3 c5 9. O-O cxd4 10. exd4 Nc6 11. d5 Na5 12. Re1 Re8 13. Be3 Bg4 14. h3 Bxf3
15. Qxf3 Bxc3 16. bxc3 Nxb3 17. Bxb6 Nd2 18. Qd3 Qxb6 19. Qxd2 Rac8 20. Rab1
Qc7 21. c4 Qxc4 22. Rxb7 Rc7 23. Rb4 Qc3 24. Qxc3 Rxc3 25. d6 e6 26. Rb7 Rd3
27. Rd7 Rb8 28. Rc1 Rb2 29. g4 Rdd2 30. Rxa7 Rxf2 31. d7 1/2-1/2

[Event "11th Dubai Open 2009"]
[Site "Dubai"]
[Date "2009.05.03"]
[Round "8.11"]
[White "Fedorov Alexei"]
[Black "Sturua Zurab"]
[Result "1/2-1/2"]
[WhiteElo "2611"]
[BlackElo "2514"]
[PlyCount "68"]
[EventDate "2009.04.26"]
[WhiteTeam "Belarus"]
[BlackTeam "Georgien"]
[WhiteTeamCountry "BLR"]
[BlackTeamCountry "GEO"]

1. e4 e5 2. Nf3 Nc6 3. Bb5 Nf6 4. O-O Nxe4 5. Re1 Nd6 6. Nxe5 Be7 7. Bf1 Nxe5
8. Rxe5 O-O 9. Nc3 Bf6 10. Re1 c6 11. d4 Nf5 12. d5 d6 13. Bf4 Bxc3 14. bxc3
Qf6 15. c4 c5 16. Bd3 Nd4 17. Be3 h6 18. Qh5 Bd7 19. c3 Nf5 20. Bd2 Nh4 21. Re3
Rfe8 22. Rae1 Rxe3 23. Rxe3 Ng6 24. Rf3 Qe5 25. Bxg6 fxg6 26. Qxg6 Rf8 27.
Rxf8+ Kxf8 28. h3 Ke7 29. f4 Qf6 30. Qe4+ Kd8 31. g4 g6 32. Kg2 h5 33. Kg3 hxg4
34. hxg4 Kc7 1/2-1/2

[Event "11th Dubai Open 2009"]
[Site "Dubai"]
[Date "2009.05.03"]
[Round "8.12"]
[White "Laxman R R"]
[Black "Safarli Eltaj"]
[Result "1/2-1/2"]
[WhiteElo "2521"]
[BlackElo "2599"]
[PlyCount "48"]
[EventDate "2009.04.26"]
[WhiteTeam "Indien"]
[BlackTeam "Aserbeidschan"]
[WhiteTeamCountry "IND"]
[BlackTeamCountry "AZE"]

1. d4 Nf6 2. Nf3 g6 3. c4 Bg7 4. Nc3 d5 5. cxd5 Nxd5 6. e4 Nxc3 7. bxc3 O-O 8.
Be2 c5 9. Rb1 b6 10. O-O Bb7 11. Qd3 Ba6 12. Qe3 Qd7 13. dxc5 Bxe2 14. Qxe2
bxc5 15. Qc4 Qc6 16. e5 Nd7 17. Re1 Nb6 18. Qh4 Qa4 19. Qxe7 Qxa2 20. Be3 Nd5
21. Qxc5 Rfc8 22. Ra1 Rxc5 23. Rxa2 Rc7 24. Ra5 Nxe3 1/2-1/2

[Event "11th Dubai Open 2009"]
[Site "Dubai"]
[Date "2009.05.03"]
[Round "8.13"]
[White "Volkov Sergey"]
[Black "Adhiban B"]
[Result "1-0"]
[WhiteElo "2594"]
[BlackElo "2483"]
[PlyCount "143"]
[EventDate "2009.04.26"]
[WhiteTeam "Russland"]
[BlackTeam "Indien"]
[WhiteTeamCountry "RUS"]
[BlackTeamCountry "IND"]

1. d4 d5 2. c4 c6 3. Nf3 Nf6 4. e3 e6 5. Nbd2 c5 6. b3 cxd4 7. exd4 Be7 8. Bb2
b6 9. Bd3 Bb7 10. O-O Nc6 11. Rc1 O-O 12. Re1 Rc8 13. Nf1 Re8 14. Ng3 Bb4 15.
Re3 Bf8 16. Re1 g6 17. Qe2 Bh6 18. Rcd1 Nb4 19. Bb1 dxc4 20. bxc4 Bxf3 21. gxf3
Bg7 22. a3 Nc6 23. Ba2 Qc7 24. Qe3 Na5 25. Rc1 Qd7 26. Rc3 b5 27. cxb5 Qxb5 28.
Rxc8 Rxc8 29. Rc1 Rd8 30. Qe2 Qd7 31. Qa6 Nb7 32. Qxa7 Nd5 33. Bxd5 exd5 34. a4
Nd6 35. Qxd7 Rxd7 36. Rc5 Nc4 37. Bc3 Bf8 38. Rb5 f5 39. Ne2 Bd6 40. Kf1 Ra7
41. a5 Bc7 42. Rxd5 Bxa5 43. Bxa5 Rxa5 44. Rxa5 Nxa5 45. Ke1 Nc4 46. Kd1 Kf7
47. Kc2 Ke6 48. Kc3 Nb6 49. Nf4+ Kd6 50. Kd3 Nc8 51. Nh3 h6 52. Nf4 Ne7 53. Kc4
g5 54. Ng2 Ng6 55. Kd3 Ke6 56. Ke3 Ne7 57. Kd2 Nc6 58. Kc3 Ne7 59. Kc4 Nd5 60.
Kc5 f4 61. Ne1 Nc7 62. Nd3 Na6+ 63. Kc4 Nc7 64. Nc5+ Kd6 65. Ne4+ Ke6 66. Nc3
Ne8 67. d5+ Ke5 68. Ne4 g4 69. d6 Nxd6+ 70. Nxd6 Kxd6 71. fxg4 Ke5 72. f3 1-0

[Event "11th Dubai Open 2009"]
[Site "Dubai"]
[Date "2009.05.03"]
[Round "8.14"]
[White "Mchedlishvili Mikheil"]
[Black "Kayumov Sergey"]
[Result "1-0"]
[WhiteElo "2586"]
[BlackElo "2450"]
[PlyCount "63"]
[EventDate "2009.04.26"]
[WhiteTeam "Georgien"]
[BlackTeam "Uzbekistan"]
[WhiteTeamCountry "GEO"]
[BlackTeamCountry "UZB"]

1. d4 d6 2. Nf3 Bg4 3. e4 Nf6 4. Nc3 e6 5. h3 Bxf3 6. Qxf3 c6 7. Bd3 Qb6 8. Ne2
Nbd7 9. O-O e5 10. Be3 Qc7 11. Qg3 g6 12. f4 exd4 13. Nxd4 Bg7 14. Qf3 O-O-O
15. Nb3 Rde8 16. Rad1 Re7 17. Nd2 Rhe8 18. Bf2 h6 19. b4 g5 20. g3 Rg8 21. Kh1
g4 22. hxg4 Bh8 23. Nc4 Nxg4 24. Bxa7 f5 25. e5 d5 {Diagram #} 26. Bxf5 dxc4
27. Bc5 Reg7 28. Rxd7 Rxd7 29. Rd1 Nf2+ 30. Qxf2 Rgg7 31. Rxd7 Rxd7 32. Bd6 1-0

[Event "11th Dubai Open 2009"]
[Site "Dubai"]
[Date "2009.05.03"]
[Round "8.15"]
[White "Sengupta Deep"]
[Black "Turov Maxim"]
[Result "1/2-1/2"]
[WhiteElo "2466"]
[BlackElo "2582"]
[PlyCount "96"]
[EventDate "2009.04.26"]
[WhiteTeam "Indien"]
[BlackTeam "Russland"]
[WhiteTeamCountry "IND"]
[BlackTeamCountry "RUS"]

1. e4 e5 2. Nf3 Nf6 3. Nxe5 d6 4. Nf3 Nxe4 5. d4 d5 6. Bd3 Nc6 7. O-O Be7 8.
Nbd2 Nxd2 9. Bxd2 Bg4 10. c3 Qd7 11. Re1 O-O 12. Bf4 Rae8 13. Bc2 Bh5 14. Qd3
Bg6 15. Qd2 Bd6 16. Ba4 f6 17. Bxd6 Qxd6 18. Nh4 Rxe1+ 19. Rxe1 Ne7 20. Qe2 Kf7
21. Bb3 c6 22. f4 Rd8 23. Qf3 Kf8 24. Nxg6+ Nxg6 25. g3 Qd7 26. Bc2 Re8 27.
Rxe8+ Qxe8 28. Kf2 Ne7 29. Qg4 h6 30. Qe6 Nc8 31. Qg4 Nd6 32. Bg6 Qc8 33. Qe2
Qh3 34. Kg1 Qd7 35. Kf2 Qh3 36. Ke1 Qd7 37. Kd1 Qe7 38. Qg4 f5 39. Qe2 Qf6 40.
Bh5 Ne4 41. Qc2 g6 42. Bf3 Qe7 43. Qa4 a6 44. Qc2 g5 45. fxg5 hxg5 46. Qe2 Kg7
47. Kc2 Kg6 48. g4 Qe6 1/2-1/2